<?xml version="1.0" encoding="UTF-8"?>
<marc:record xmlns:marc="http://www.loc.gov/MARC21/slim">
   <marc:leader>00000nam a2200000 a 4500</marc:leader>
   <marc:datafield ind1="1" ind2=" " tag="100">
      <marc:subfield code="a">Kuster, Niklaus</marc:subfield>
      <marc:subfield code="4">aut</marc:subfield>
      <marc:subfield code="e">Verfasser/-in</marc:subfield>
   </marc:datafield>
   <marc:datafield ind1="1" ind2=" " tag="100">
      <marc:subfield code="a">Kreutzer, Sarah Elisa</marc:subfield>
      <marc:subfield code="4">aut</marc:subfield>
      <marc:subfield code="e">Verfasser/-in</marc:subfield>
   </marc:datafield>
   <marc:datafield ind1="1" ind2=" " tag="100">
      <marc:subfield code="a">Diller, Stefan</marc:subfield>
      <marc:subfield code="4">aut</marc:subfield>
      <marc:subfield code="e">Verfasser/-in</marc:subfield>
   </marc:datafield>
   <marc:datafield ind1=" " ind2=" " tag="653">
      <marc:subfield code="a">p||Franz &lt;von Assisi&gt;</marc:subfield>
   </marc:datafield>
   <marc:datafield ind1=" " ind2=" " tag="653">
      <marc:subfield code="a">t||Coppo &lt;di Marcovaldo&gt; / Tavola Bardi</marc:subfield>
   </marc:datafield>
   <marc:datafield ind1=" " ind2=" " tag="653">
      <marc:subfield code="a">g||Florenz / Santa Croce / Bardi-Kapelle</marc:subfield>
   </marc:datafield>
   <marc:datafield ind1="0" ind2="0" tag="245">
      <marc:subfield code="a">Geerdet und beflügelt</marc:subfield>
   </marc:datafield>
   <marc:datafield ind1="0" ind2="0" tag="245">
      <marc:subfield code="b">Franz von Assisi - sein Leben in der ältesten Bildbiografie</marc:subfield>
   </marc:datafield>
   <marc:datafield ind1="0" ind2="0" tag="245">
      <marc:subfield code="c">Niklaus Kuster, Sarah Elisa Kreutzer ; mit Fotografien von Stefan Diller</marc:subfield>
   </marc:datafield>
   <marc:datafield ind1=" " ind2="1" tag="264">
      <marc:subfield code="a">Ostfildern</marc:subfield>
      <marc:subfield code="b">Patmos Verlag</marc:subfield>
      <marc:subfield code="c">2025</marc:subfield>
   </marc:datafield>
   <marc:datafield ind1="1" ind2=" " tag="520">
      <marc:subfield code="a">Bruder Franz inspiriert seit über 800 Jahren wie kein anderer Heiliger. Er steht für Liebe zur Schöpfung und zu allen Mitgeschöpfen, für Gerechtigkeit und Geschwisterlichkeit, für beherzte Ökologie und Frieden zwischen den Religionen. Was macht den Mystiker aus dem mittelalterlichen Assisi zum Propheten in der Gegenwart? Die Antwort liegt in seinem Leben. Schon vor 1250 entstand in Florenz die erste Bildbiografie des Bruders, die wie eine Ikone zur Begegnung mit dem Heiligen einlädt. Sie erzählt sein Leben in 20 Schlüsselszenen und zeichnet ein weit authentischeres Bild, als spätere Werke es können. Niklaus Kuster und Sarah Elisa Kreutzer erschließen die wertvolle Tafel biografisch und spirituell für heutige Betrachterinnen und Betrachter.</marc:subfield>
   </marc:datafield>
   <marc:datafield ind1=" " ind2=" " tag="020">
      <marc:subfield code="a">9783843615716</marc:subfield>
      <marc:subfield code="9">9783843615716</marc:subfield>
   </marc:datafield>
   <marc:datafield ind1=" " ind2=" " tag="020">
      <marc:subfield code="a">3843615713</marc:subfield>
      <marc:subfield code="9">3843615713</marc:subfield>
   </marc:datafield>
   <marc:datafield ind1="3" ind2=" " tag="024">
      <marc:subfield code="a">9783843615716</marc:subfield>
   </marc:datafield>
   <marc:datafield ind1=" " ind2=" " tag="041">
      <marc:subfield code="a">ger</marc:subfield>
   </marc:datafield>
   <marc:datafield ind1=" " ind2=" " tag="300">
      <marc:subfield code="a">158 Seiten, Illustrationen</marc:subfield>
   </marc:datafield>
</marc:record>
